| 000 | 00420 a2200157 4500 | ||
|---|---|---|---|
| 003 | Nust | ||
| 005 | 20170207165509.0 | ||
| 040 | _cNust | ||
| 082 | _a005.1 | ||
| 100 | _aTaj, Muhammad Salman BESE-16 | ||
| 245 |
_aNetwork Monitor (Hard / Soft-copy) _cMuhammad Slaman Taj, Naveed Aqdus , Salman Akram Cheema BESE-16 |
||
| 260 |
_aMCS _bRawalpindi _c2014 |
||
| 300 | _a74 p | ||
| 650 | _aUG Projects | ||
| 651 | _aUG CSE Project | ||
| 942 | _cPRG | ||
| 999 |
_c212193 _d212193 |
||